El proceso laboral internacional

Detalles Bibliográficos
Autor principal: Gm̀ez Jimňez, Jos ̌Manuel
Formato: eBook
Lenguaje:español
Publicado: Barcelona: J.M. Bosch Editor, 2018
Materias:
Acceso en línea:Acceso restringido

MARC

LEADER 00000nam a22000007a 4500
005 20190407160243.0
007 cr|||| ||||
008 190407s2018 es |||||s|||| 00||0 spa d
020 |a 978-84-948096-1-3 
035 |a 23081 
040 |a vLex 
090 |c 8576  |d 8576 
100 1 |a Gm̀ez Jimňez, Jos ̌Manuel 
245 1 2 |a El proceso laboral internacional  |h [Recurso electrn̤ico] /  |c Jos ̌Manuel Gm̀ez Jimňez 
256 |a Servicio en ln̕ea 
260 |a Barcelona:  |b J.M. Bosch Editor,  |c 2018 
300 |a 1 recurso electrn̤ico 
500 |a La expansin̤ transnacional del sistema de produccin̤ capitalista es el caldo de cultivo idn̤eo para albergar situaciones sociolaborales internacionales de carc̀ter sustantivo y procesal. Las relaciones laborales internacionales de cariz sustantivo gozan de una regulacin̤ jurd̕ica internacional, comunitaria y autn̤oma; sin embargo, las situaciones sociolaborales internacionales de naturaleza procesal (el proceso laboral internacional) presentan una regulacin̤ insuficiente donde aflora una laguna jurd̕ica debido a la inexistencia de una normativa procesal expresa que integre el elemento sociolg̤ico (litigacin̤ laboral internacional) y axiolg̤ico (justicia social a nivel supranacional). Esta laguna jurd̕ica perdurar ̀hasta que el fenm̤eno de la litigacin̤ laboral internacional penetre en la conciencia social del pueblo y de los poderes pb︢licos. Llegados a este punto, y hasta tanto no aparezca una regulacin̤ de ese calado, los operadores jurd̕icos seguirǹ aplicando supletoriamente normas del proceso civil internacional contrarias a la axiologa̕ y estructura del proceso laboral internacional. Este libro tiene por misin̤ preparar el camino de una futura regulacin̤ vanguardista del proceso laboral internacional en la Ley reguladora de la Jurisdiccin̤ Social y, asimismo, servir de herramienta provisional a los operadores jurd̕icos que en su devenir diario se enfrentan a esta laguna jurd̕ica. En la actualidad, la litigacin̤ laboral internacional es una realidad jurd̕ica menor, si bien, en el futuro inmediato, adquirir ̀rasgos de praxis iuslaboralista generalizada ante los r̤ganos judiciales del orden social…. 
506 1 |a Disponible solo en los productos indicados  |d vLex Global  |d vLex Global (Academic Edition, excluding Law Schools)  |d vLex Global (U.S. Academic Edition, Law Schools)  |d vLex Global (U.S. Academic Edition, excluding Law Schools)  |d vLex Global (Academic Edition, Law Schools) 
650 0 4 |a Derecho Laboral y Seguridad Social  |z Espaą 
650 0 4 |a Derecho Procesal  |z Espaą 
650 0 4 |a Procedimiento Civil  |z Espaą 
650 0 4 |a Derecho Internacional  |z Espaą 
740 0 |a vLex Libros (Servicio en ln̕ea) 
856 4 0 |u http://vlex.com/source/proceso-laboral-internacional-23081  |z Acceso restringido 
942 |c BOOK 
999 0 |a Labor Law and Social Security 
999 0 |a Procedural Law 
999 0 |a Civil Procedure 
999 0 |a International Law